000
00306nam a2200109Ia 4500
008
180116s9999 xx 000 0 und d
020
_a
9781285853918
245
_c
H. Stephen Stoker
_a
General, Organic, and Biological Chemistry
250
_a
7th ed
260
_b
Cengage Learning
_c
2016
300
_a
983 pages
999
_c
353255
_d
353255